Space Under a Tree (Record no. 13326)
[ view plain ]
| 000 -LEADER | |
|---|---|
| fixed length control field | 00294 a2200109 4500 |
| 008 - FIXED-LENGTH DATA ELEMENTS--GENERAL INFORMATION | |
| fixed length control field | 250519b ||||| |||| 00| 0 eng d |
| 020 ## - INTERNATIONAL STANDARD BOOK NUMBER | |
| International Standard Book Number | 9788195727209 |
| 100 ## - MAIN ENTRY--PERSONAL NAME | |
| Personal name | Piyush Das, Parul G. Munjal (editor) |
| 245 ## - TITLE STATEMENT | |
| Title | Space Under a Tree |
| 260 ## - PUBLICATION, DISTRIBUTION, ETC. (IMPRINT) | |
| Name of publisher, distributor, etc | Copal Publishing |
| Date of publication, distribution, etc | 2022 |
| 942 ## - ADDED ENTRY ELEMENTS (KOHA) | |
| Source of classification or shelving scheme | |
| Withdrawn status | Lost status | Source of classification or shelving scheme | Damaged status | Koha normalized classification for sorting | Not for loan | Permanent location | Current location | Date acquired | Source of acquisition | Cost, normal purchase price | Total Checkouts | Full call number | Barcode | Date last seen | Date last borrowed | Cost, replacement price | Price effective from | Koha item type |
|---|---|---|---|---|---|---|---|---|---|---|---|---|---|---|---|---|---|---|
| 712_500000000000000 | BMS College of Architecture, Design and Planning | BMS College of Architecture, Design and Planning | 2025-05-19 | 1 | 1871.25 | 1 | 712.5 | AR-UG4565 | 2025-08-18 | 2025-07-25 | 2495.00 | 2025-05-19 | UG Books |